| Tag |
First Indicator |
Second Indicator |
Subfields |
| LEADER |
00000nam a2200000Ia 4500 |
| 001 |
in00004300539 |
| 005 |
20200810082917.0 |
| 006 |
m g d |
| 007 |
cr bn |||a|bb| |
| 008 |
860521s1681 enk o 00| | eng d |
| 035 |
|
|
|a (OCoLC)13618339
|
| 040 |
|
|
|a EAA
|c EAA
|d m/c
|d EAA
|d UMI
|d WaOLN
|
| 037 |
|
|
|a CL0037000026
|b ProQuest Information and Learning. 300 N. Zeeb Rd., Ann Arbor, MI 48106
|
| 049 |
|
|
|a UMIA
|
| 245 |
0 |
3 |
|a An Answer to the protestation of the nineteen Lords against the rejecting of the impeachment of Mr. Fitz-Harris
|
| 260 |
|
|
|a London :
|b Printed for Cave Pulleyn,
|c 1681.
|
| 300 |
|
|
|a 1 online resource (7 pages)
|
| 336 |
|
|
|a text
|b txt
|2 rdacontent
|
| 337 |
|
|
|a computer
|b c
|2 rdamedia
|
| 338 |
|
|
|a online resource
|b cr
|2 rdacarrier
|
| 500 |
|
|
|a Caption title.
|
| 500 |
|
|
|a Imprint from colophon.
|
| 500 |
|
|
|a Reproduction of original in Huntington Library.
|
| 510 |
4 |
|
|a Wing
|c A3438
|
| 533 |
|
|
|a Electronic reproduction.
|b Ann Arbor, Mich. :
|c UMI,
|d 1999-
|f (Early English books online)
|n Digital version of: (Early English books, 1641-1700 ; 832:37)
|7 s1999 miun s
|
| 600 |
1 |
0 |
|a Fitzharris, Edward,
|d 1648?-1681.
|
| 830 |
|
0 |
|a Early English books online.
|
| 856 |
4 |
0 |
|u http://proxy.library.tamu.edu/login?url=https://search.proquest.com/docview/2248501488
|z Connect to the full text of this electronic book
|t 0
|
| 999 |
f |
f |
|s d0a814c1-1206-3110-aa42-c9a5b1ff5d6e
|i 5a1b94d1-fbba-3aa5-91bd-0e3547ed8dc8
|t 0
|
| 952 |
f |
f |
|a Texas A&M University
|b College Station
|c Electronic Resources
|d Available Online
|t 0
|h No information provided
|
| 998 |
f |
f |
|t 0
|l Available Online
|